000 00359cam a22001097a 4500
008 180718b1965 xxu||||| |||| 00| 0 eng d
082 _aL2703x5452 M267
245 _aThe Madras general sales tax act, 1959
_cby Law Department, Madras
260 _aTamil Nadu
_bThe Director of Stationery and Printing
_c1965
300 _a117+p.
700 _aMadras. Law Department
999 _c500308
_d500308